| 000 | 00741cam a22002414a 4500 | ||
|---|---|---|---|
| 001 | 13049129 | ||
| 005 | 20180110075628.0 | ||
| 008 | 030106s2003 meua b 000 0 eng | ||
| 010 | _a 2003041568 | ||
| 020 | _a1571103538 (alk. paper) | ||
| 040 |
_aDLC _cDLC _dDLC |
||
| 041 | _aeng | ||
| 042 | _apcc | ||
| 080 | _a372.6 DEB | ||
| 082 | 0 | 0 |
_a372.6 DEB _221 |
| 100 | 1 | _a46 | |
| 101 | _aDEU | ||
| 245 | 1 | 0 |
_aLiteracy work stations : _cDebbie Diller. |
| 504 | _aIncludes bibliographical references (p. 217-218). | ||
| 906 |
_a7 _bcbc _corignew _d1 _eocip _f20 _gy-gencatlg |
||
| 942 |
_2ddc _cBK |
||
| 999 |
_c40017 _d40017 |
||